=LDR 00000nam 2200000 4500 =001 INLIS000000000053529 =005 20181019025728 =035 ##$$a 0010-1018000144 =245 1#$$a Panduan Lengkap dan Praktis Akuntansi Jasa, Dagang, dan Perbankan : $b Disertai Contoh perhitungannya /$c Akifa P.Nayla, SE., Akt. =100 #$$a Akifa P.Nayla =250 ##$$a Ed. 1 =300 ##$$a 152 hlm. : $b Ilus ; $c 14.5x20 cm =260 ##$$a Yogyakarta :$b Laksana,$c 2014 =082 ##$$a 657 =084 ##$$a 657 AKI p =020 ##$$a 978-602-255-721-0 =650 ##$$a Akuntansi =990 ##$$a 82188218